000
00297nam a2200121Ia 4500
008
241014s9999||||xx |||||||||||||| ||und||
020
_a
0 07 146208 2
100
_a
"Kamienski ,Mary"
245
0
_a
pharmacology demystified
260
_b
Mcgraw hill
_c
2006
650
_a
Pharmacology
942
_b
DCOP
_c
BK
999
_c
289
_d
289